Bersikap jujur

Bibliographic Details
Main Author: Syakirah Samsudin
Format: Book
Published: Sg : NCDRC UPSI , 2014
Series:Kewarganegaraan
Subjects:

MARC

LEADER 00000cam a2200000 7i4500
001 0000047486
005 20220105104145.0
008 150518
020 |a 9789670638201 
090 0 0 |a JP   |b EDU MAL 
100 0 |a Syakirah Samsudin 
245 1 0 |a Bersikap jujur   |c Syakirah Samsudin 
260 |a Sg :   |b NCDRC UPSI ,   |c 2014 
440 |a Kewarganegaraan 
500 |a Children age 4-6 years old (yellow) 
650 0 |a Education, Malay 
999 |a 0001348889   |b Book   |c Children Collection   |e Cawangan Mersing 
999 |a 0001348890   |b Book   |c Children Collection   |e Cawangan Tmn. Ungku Tun Aminah 
999 |a 0001348892   |b Book   |c Children Collection   |e Cawangan Taman Sri Lambak 
999 |a 0001348893   |b Book   |c Children Collection   |e Cawangan Batu Pahat 
999 |a 0001348894   |b Book   |c Children Collection   |e Cawangan Pontian 
999 |a 0001348895   |b Book   |c Children Collection   |e Cawangan Kota Tinggi 
999 |a 0001348896   |b Book   |c Children Collection   |e Cawangan Bandar Penawar 
999 |a 0001348897   |b Book   |c Children Collection   |e Cawangan Bandar Tenggara 
999 |a 0001348899   |b Book   |c Children Collection   |e Cawangan Segamat 
999 |a 0001348900   |b Book   |c Children Collection   |e Cawangan Sri Merlong 
999 |a 0001348901   |b Book   |c Children Collection   |e Cawangan Taman Universiti 
999 |a 0001348902   |b Book   |c Children Collection   |e Cawangan Bukit Gambir 
999 |a 0001348929   |b Book   |c Children Collection   |e Cawangan Urban Transformation Centre